000 00674nam a22001577a 4500
003 OSt
005 20150915140002.0
008 150915b xxu||||| |||| 00| 0 eng d
040 _cRUA
082 _aAGR TOU 2002 B028 Or.1
100 _9514
_aTOUCH, SOPHORN.
245 _aExperimental N.P.K fertilizer effecting by other lever on rubber plant at chup rubber plantation ការពសោធន៍ឥទ្ធិពលជី អ៊ិន.ប៉េ.កា តាមកំរិតផ្សេងៗគ្នាលើដំណាំកៅស៊ូនៅចំកាកៅស៊ូជុប
260 _aPhnom Penh
_bRUA
_c2002
300 _a42p.
_bill.
_c29cm.
942 _2ddc
_cAGR
999 _c494
_d494